000 01005cab a22002175a 4500
001 L157412
008 121128e2012 xxk 000 0 eng d
035 _a(Sirsi) u157412
041 0 _aeng
100 1 _aSandher, Hardeep
245 0 0 _aMarkets
_bstudent accommodation
260 _c2012
490 0 _aProperty Week
_v78(46) 16 November 2012, 51-54(4)
520 _aOffers an overview of recent activity in this residential property sector: Madrid purchase is Knightsbridge Student Housing's first student residence outside the UK; Scape Living has launched its first student campus in London's Mile End; and interviews Mark Allen of Unite, UK's biggest student accommodation provider. Jones Lang LaSalle sees student accommodation as a new global asset class with UK investment forecast to exceed US$3bn in 2012 and nearing US$ 2bn in the USA.
590 _aKA
651 4 _aSpain
651 4 _aUnited States
651 4 _aUnited Kingdom
690 _aResidential property
_96266
942 _n0
999 _c84370
_d84370